Multi-step particle emission probabilities in superheavy nuclei at moderate excitation energies; Physics Letters B; Vol. 844
| Parent link: | Physics Letters B.— .— Amsterdam: Elsevier Science Publishing Company Inc. Vol. 844.— 2023.— Article number 138099, 4 p. |
|---|---|
| Další autoři: | , , , , , |
| Shrnutí: | Title screen The probabilities of xn-, pxn-, and αxn-evaporation channels in excited superheavy nuclei were evaluated using the Monte Carlo method. The calculations utilized microscopically determined nuclear level densities and were compared with results obtained from the phenomenological Jackson formula. Effective temperatures derived from the microscopic approach were incorporated into the Jackson formula for different evaporation channels at low and moderate excitation energies. Additionally, an analytical formula was introduced to estimate the average kinetic energy of emitted particles in multi-step processes Текстовый файл AM_Agreement |
| Jazyk: | angličtina |
| Vydáno: |
2023
|
| Témata: | |
| On-line přístup: | https://doi.org/10.1016/j.physletb.2023.138099 |
| Médium: | MixedMaterials Elektronický zdroj Kapitola |
| KOHA link: | https://koha.lib.tpu.ru/cgi-bin/koha/opac-detail.pl?biblionumber=680164 |
MARC
| LEADER | 00000naa0a2200000 4500 | ||
|---|---|---|---|
| 001 | 680164 | ||
| 005 | 20250513122349.0 | ||
| 090 | |a 680164 | ||
| 100 | |a 20250513d2023 k||y0rusy50 ba | ||
| 101 | 0 | |a eng | |
| 102 | |a NL | ||
| 135 | |a drcn ---uucaa | ||
| 181 | 0 | |a i |b e | |
| 182 | 0 | |a b | |
| 183 | 0 | |a cr |2 RDAcarrier | |
| 200 | 1 | |a Multi-step particle emission probabilities in superheavy nuclei at moderate excitation energies |f A. Rahmatinejad, T. M. Shneidman, G. G. Adamian [et al.] | |
| 203 | |a Текст |b визуальный |c электронный | ||
| 283 | |a online_resource |2 RDAcarrier | ||
| 300 | |a Title screen | ||
| 320 | |a References: 33 tit | ||
| 330 | |a The probabilities of xn-, pxn-, and αxn-evaporation channels in excited superheavy nuclei were evaluated using the Monte Carlo method. The calculations utilized microscopically determined nuclear level densities and were compared with results obtained from the phenomenological Jackson formula. Effective temperatures derived from the microscopic approach were incorporated into the Jackson formula for different evaporation channels at low and moderate excitation energies. Additionally, an analytical formula was introduced to estimate the average kinetic energy of emitted particles in multi-step processes | ||
| 336 | |a Текстовый файл | ||
| 371 | 0 | |a AM_Agreement | |
| 461 | 1 | |t Physics Letters B |c Amsterdam |n Elsevier Science Publishing Company Inc. | |
| 463 | 1 | |t Vol. 844 |v Article number 138099, 4 p. |d 2023 | |
| 610 | 1 | |a Superheavy nuclei | |
| 610 | 1 | |a Microscopic-macroscopic model | |
| 610 | 1 | |a Fission | |
| 610 | 1 | |a электронный ресурс | |
| 610 | 1 | |a труды учёных ТПУ | |
| 701 | 1 | |a Rahmatinejad |b A. |g Azam | |
| 701 | 1 | |a Shneidman |b T. M. |g Timur Markovich | |
| 701 | 1 | |a Adamian |b G. G. |g Gurgen Grigorjevich | |
| 701 | 1 | |a Antonenko |b N. V. |c physicist |c Professor of Tomsk Polytechnic University, Doctor of physical and mathematical sciences |f 1964- |g Nikolay Viktorovich |9 19046 | |
| 701 | 1 | |a Jachimowicz |b P. |g Piotr | |
| 701 | 1 | |a Kowal |b M. |g Michal | |
| 801 | 0 | |a RU |b 63413507 |c 20250513 | |
| 850 | |a 63413507 | ||
| 856 | 4 | |u https://doi.org/10.1016/j.physletb.2023.138099 |z https://doi.org/10.1016/j.physletb.2023.138099 | |
| 942 | |c CF | ||